00438nam a2200133Ia 4500008004100000041000800041082001400049100003000063245012800093250000800221260004700229300000600276650002200282230711s9999||||xx |||||||||||||| ||und|| aENG a624bBU-I aBureau of Indian Standard 0aIS : 875 Pt IV 1989bCode of practice for design loads other than earthqauke) for buildings and structures :Pt-4 snow loads a2nd c1989aNew DelhibBureau of Indian Standard a8 aCivil Engineering